000 01171cam a22003254a 4500
999 _c1433
_d1433
001 2630782
003 GZU
005 20201015094318.0
008 990406s2000 enka b 001 0 eng
010 _a 99028981
020 _a0335204627 (hbk.)
020 _a0335204619 (pbk.)
040 _aDLC
_cDLC
_dDLC
042 _apcc
043 _ae-uk---
050 0 0 _aRA410.55.G7
_bR446 2000
082 0 0 _a338.4/33621/0941
_221
245 0 0 _aReforming markets in health care :
_ban economic perspective /
_cedited by Peter C. Smith.
260 _aBuckingham ;
_aPhiladelphia :
_bOpen University Press,
_c2000.
300 _axvi, 297 p. :
_bill. ;
_c23 cm.
440 0 _aState of health series
504 _aIncludes bibliographical references and index.
650 0 _aMedical economics
_zGreat Britain.
700 1 _aSmith, Peter
_q(Peter C.)
856 4 1 _3Table of contents
_uhttp://www.loc.gov/catdir/toc/fy034/99028981.html
906 _a7
_bcbc
_corignew
_d1
_eocip
_f19
_gy-gencatlg
942 _2lcc
_cBK
_h74
_iSMI
_kHB
_m2000